| 000 | 00563nam a2200193 i 4500 | ||
|---|---|---|---|
| 001 | 30397 | ||
| 003 | ES-MaACL | ||
| 005 | 20230906154204.0 | ||
| 007 | t| | ||
| 008 | 030124s1945 fr ||||1| fre d | ||
| 100 | 1 |
_aBautier, Pierre. _926617 |
|
| 245 | 1 | 3 |
_aLa peinture en Belgique an XVIII siècle / _cPierre Bautier. |
| 260 |
_aBruxelles : _bCercle d'Artr, _c1945 ( _fVromant) |
||
| 300 |
_a30 p., 32 lám. ; _c24 cm. |
||
| 490 | 1 | _aL'art en Belgique | |
| 830 | 0 |
_aL'art en Belgique _9182903 |
|
| 852 |
_aES-MaACL _jC-4971 _bR.25282 |
||
| 999 |
_c30397 _d30397 |
||